Vlajky zemí začínající na T - Statistics

General Stats
  • This quiz has been taken 79 times
  • The average score is 8 of 10
Answer Stats
Picture Answer % Correct
Turecko
100%
Tunisko
91%
Turkmenistán
86%
Thajsko
82%
Tádžikistán
80%
Tanzanie
79%
Togo
70%
Trinidad a Tobago
68%
Tuvalu
66%
Tonga
57%
No matching quizzes found
Score Distribution
Percent of People with Each Score
Percentile by Number Answered
Your Score History
You have not taken this quiz